Extrinsic hand muscles - Statistics

General Stats
  • This quiz has been taken 18 times
  • The average score is 5 of 9
Answer Stats
Hint Answer % Correct
Thumb extension Extensor pollicis brevis
75%
Thumb extension Extensor pollicis longus
75%
Thumb flexion Flexor pollicis longus
75%
Thumb abduction Abductor pollicis longus
50%
Finger extension Extensor digitorum
50%
Finger extension Extensor indicis
50%
Finger flexion Flexor digitorum profundus
50%
Finger flexion Flexor digitorum superficialis
50%
Finger extension Extensor digiti minimi
25%
No matching quizzes found
Score Distribution
Percent of People with Each Score
Percentile by Number Answered
Your Score History
You have not taken this quiz